000 00571nam a2200205Ia 4500
005 20240115113118.0
008 131103s9999 xx 000 0 und d
040 _aLoreto College
041 _aEnglish
082 _a370
_bHAL
245 _aEducation, Economy and Society,
_cEdited by A.H.Halsey, Jean Floud and C.Arnold Anderson
260 _aNew York
_bThe Free Press
_cix,625 p.
300 _aix,625 p.
_b ill.,tables
504 _aReprinted 1966
650 _aEducation
651 _aEducation
700 _aHalsey,A.H.,ed.
850 _aLCLIB
942 _cBK
999 _c2934
_d53413